| 000 | 00494nam a22001937a 4500 | ||
|---|---|---|---|
| 003 | OSt | ||
| 005 | 20140310184458.0 | ||
| 008 | 131011t xxu||||| |||| 00| 0 eng d | ||
| 020 | _a9780439446150 | ||
| 050 |
_aPZ 7 _b.B146d8 2002 |
||
| 100 |
_aBaglio, Ben M. _95246 |
||
| 245 |
_aDancing the Seas _cBen Baglio |
||
| 260 |
_aNew York: _bApple Paperback Inc. _cc2002. |
||
| 300 |
_a158 p. : _bill. ; _c20 cm. |
||
| 521 | _aG5 | ||
| 526 | _c750 | ||
| 942 |
_2lcc _cBK-SCHOLAS |
||
| 999 |
_c34682 _d34682 |
||